000 00459nam a2200205Ia 4500
001 11621
003 GE_BSU
008 181216s||||||||xx |||||||||||||| ||und||
020 _a9780755356065
040 _cGE_BSU
080 _a821.111-32
100 _aForrester,James.
245 4 _aThe roots of betrayal.
260 _aLondon
260 _bHeadline review
260 _c2011.
300 _a440p;20cm.
653 _aThe roots of betrayal.
942 _cBK
999 _c44816
_d44816